000 00664nam a22002297a 4500
005 20170124105916.0
010 _aA-710392
020 _c300.00
035 _aA-710392
037 _bCen Lib/Ret
040 _aDPL
_bEN
082 _a260.33
_bGOP
100 _aGopal Singh
_9106592
245 _aA history of the sikh people :
_cby Gopal Singh
_b1469-1988 /
260 _aDelhi
_bWorld Book Cenrtre
_c1979
270 _a512/3, Asaf Ali Road
_bNew Delhi
_e110002
300 _a860p.
_c25cm(Hb)
500 _aIncludes appendix and index
650 _aHistory-Sikhs
_9106593
650 _aSikhs heroes
_9106594
942 _2ddc
_cEN
_h260.33
_mGOP
999 _c122828
_d122828